00937nam a2200265 a 450000100100000000500170001000800410002702000150006804000250008308200240010824501770013225000110030926000360032030000250035650000310038153400380041265000160045065000210046670000250048770000280051270000310054070000340057170000310060570000350063600004004320201002033901.0130805s1997 mx a 000 0 spa d a9701023382 aDO-SdBNPbspacBNPHU a617.96bA579c, 199700aAnestesia clínica /ceditado Paul G. Barash, Bruce F. Cullen, Robert K. Stoelting ; traducción Jorge Orizaga Samperio, Martha Elena Araiza M. , Eduardo Rivero Sigarroa. a3a ed. aMéxico :bMcGraw-Hill,c1997. a2v. :bil. ;c28 cm. aLa biblioteca posee el v.1 aTraducido de: Clinical anesthesis 4aAnestesía 4aAnestesiología12aBarash, Paul G.eed.12aCullen, Bruce F. ,eed.12aStoelting, Robert K.,eed.12aOrizaga Samperio, Jorge,etr.12aAraiza, Martha Elena,etr.12aRivero Sigarroa, Eduardo,etr.